000 00644nam a2200217Ia 4500
003 OSt
005 20220923230926.0
006 a|||||r|||| 00| 0
007 ta
008 Pun
024 _a306,522
037 _cTextual
040 _aARTS
_cARTS
_bPun
041 _2Pun
_aPun
082 _aQ8441xF42:g, 153L4
100 _aਲਾਂਬਾ, ਗੋਬਿੰਦ ਸਿੰਘ
245 0 _aਮਸਲੇ Fੇਖ ਖ਼ਰੀਦ ਦਾ ਆਲੋਚਨਾਤਮਕ ਵਿਵੇਚਨ
260 _c1974
942 _hQ8441xF42:g, 153L4
_cTEXL
_2CC
999 _c388302
_d388302